International relations and religion volume IV. Religion, IR and methodology./ (Record no. 760863)

MARC details
000 -LEADER
fixed length control field 00881cam a2200217 i 4500
020 ## - INTERNATIONAL STANDARD BOOK NUMBER
ISBN 9781473913783
082 ## - DEWEY DECIMAL CLASSIFICATION NUMBER
Classification number R 327.101 HAS/I
245 00 - TITLE STATEMENT
Title International relations and religion volume IV. Religion, IR and methodology./
Statement of responsibility, etc edited by Ron E. Hassner and Isak Svensson.
300 ## - PHYSICAL DESCRIPTION
Number of Pages 4 volumes :
Other physical details illustrations ;
490 0# - SERIES STATEMENT
Series statement Sage library of international relations
500 ## - GENERAL NOTE
General note "Sage reference."
504 ## - BIBLIOGRAPHY, ETC. NOTE
Bibliography, etc Includes bibliographical references.
505 0# - FORMATTED CONTENTS NOTE
Formatted contents note Volume I. Religion and the international system -- volume II. Religion and war -- volume III. Religion and peace -- volume IV. Religion, IR and methodology.
650 #0 - SUBJECT ADDED ENTRY--TOPICAL TERM
Topical Term Religion and international relations.
650 #0 - SUBJECT ADDED ENTRY--TOPICAL TERM
Topical Term War
650 #0 - SUBJECT ADDED ENTRY--TOPICAL TERM
Topical Term Peace
700 1# - ADDED ENTRY--PERSONAL NAME
Personal name Hassner, Ron E.ditor
700 1# - ADDED ENTRY--PERSONAL NAME
Personal name Svensson, Isak, Editor
942 ## - ADDED ENTRY ELEMENTS (KOHA)
Source of classification or shelving scheme Dewey Decimal Classification
Koha item type Book
Holdings
Withdrawn status Lost status Source of classification or shelving scheme Damaged status Not for loan Home Library Current Location Shelving location Date acquired Full call number Accession Number Price effective from Koha item type
    Dewey Decimal Classification     Dept. of Political Science Dept. of Political Science Reference 06/12/2025 R 327.101 HAS/I POL23856 20/06/2026 Reference